|
|
|
|
| LEADER |
00659nab a2200181 i 4500 |
| 001 |
misc26331 |
| 005 |
20191108145925.0 |
| 008 |
170904s1973 hu o 0|| zxx d |
| 040 |
|
|
|a SZTE Miscellanea Repozitórium
|b hun
|
| 041 |
|
|
|a zxx
|
| 100 |
1 |
|
|a Kósa Ferenc
|
| 245 |
1 |
0 |
|a Feststellung der Körperlänge und des Lebensalters von Feten auf Grund der Grössenmasse der Gehörknöchelchen
|h [elektronikus dokumentum] /
|c Kósa Ferenc
|
| 260 |
|
|
|c 1973
|
| 300 |
|
|
|a 263-269
|
| 490 |
0 |
|
|a Kolligátum
|
| 695 |
|
|
|a Magzat fejlődése, Hallás
|
| 700 |
0 |
1 |
|a Fazekas István Gyula
|e aut
|
| 856 |
4 |
0 |
|u http://misc.bibl.u-szeged.hu/26331/1/019_004_263-269.pdf
|z Dokumentum-elérés
|